000 00507nam a2200181Ia 4500
003 LK-CoDNM
008 010623t2001 xxu||||| |||| 00| 1 sin d
040 _aLK-CoDNM
_dLK-CoDNM
_eLK-CoDNM
041 _asin
080 _a809.13
_bSHI
100 _aRev.Shilalankara, Kempitikande
245 _aපාළි සාහිත්‍ය විචාරය
246 _aPali sahithya vicharaya
260 _bS.Godage
_aColombo
_c2001
300 _b(xii)65, 21.5 cm
650 _aPali Language
942 _cBK
999 _c121282
_d121282